Văn hóa Xinh - Mun

Đã lưu trong:
Bibliografiske detaljer
Hovedforfatter: Trần Bình
Format: Bog
Udgivet: H. ĐH Quốc gia Hà Nội 2010
Fag:
Tags: Tilføj Tag
Ingen Tags, Vær først til at tagge denne postø!
Thư viện lưu trữ: Trung tâm Học liệu Lê Vũ Hùng, Trường Đại học Đồng Tháp
LEADER 00743pam a22002418a 4500
001 00019389
005 20171026081022.0
008 110506s2010 ||||||Viesd
041 0 # |a Vie 
082 1 4 |a 398.209 597  |b V115H 
100 0 # |a Trần Bình 
245 0 0 |a Văn hóa Xinh - Mun  |c Trần Bình 
260 # # |a H.  |b ĐH Quốc gia Hà Nội  |c 2010 
300 # # |a 241 tr.  |c 21 cm. 
500 # # |a Hội văn nghệ dân gian Việt Nam 
650 # 4 |a Dân tộc Xinh -Mum 
650 # 4 |a Văn hóa dân gian 
653 # # |a Việt Nam 
852 # # |b Kho đọc  |j KD.0005302 
852 # # |j KD.0005302 
910 |d 06/05/2011 
980 # # |a Trung tâm Học liệu Lê Vũ Hùng, Trường Đại học Đồng Tháp